| 000 | 00395nam a2200169Ia 4500 | ||
|---|---|---|---|
| 008 | 130318s9999 xx 000 0 und d | ||
| 020 | _a8120309863 | ||
| 082 | _a621.395 PUC/B | ||
| 100 | _aPucknell, Douglas A | ||
| 245 | _aBasic VLSI design | ||
| 250 | _a3 | ||
| 260 |
_bPHI Learning _aNew Delhi _c2002 |
||
| 300 | _a495 | ||
| 650 | _aCIRCIUT | ||
| 650 | _aVLSI | ||
| 700 | _aEshraghian, Kamran | ||
| 999 |
_c578 _d578 |
||